<?xml version='1.0' encoding='UTF-8'?>
  <record xmlns="http://www.loc.gov/MARC21/slim">
    <leader>00000cam a22000007i 4500</leader>
    <controlfield tag="001">ocm67853803</controlfield>
    <controlfield tag="003">OCoLC</controlfield>
    <controlfield tag="005">20240202180208.2</controlfield>
    <controlfield tag="008">990419s1584    gw            000 0 ger d</controlfield>
    <datafield tag="040" ind1=" " ind2=" ">
      <subfield code="a">NLGGC</subfield>
      <subfield code="b">dut</subfield>
      <subfield code="e">fobidrtb</subfield>
      <subfield code="c">NLGGC</subfield>
      <subfield code="d">QGJ</subfield>
      <subfield code="d">OCLCO</subfield>
      <subfield code="d">OCLCL</subfield>
    </datafield>
    <datafield tag="066" ind1=" " ind2=" ">
      <subfield code="c">(S</subfield>
    </datafield>
    <datafield tag="029" ind1="0" ind2=" ">
      <subfield code="a">NLGGC</subfield>
      <subfield code="b">181967510</subfield>
    </datafield>
    <datafield tag="035" ind1=" " ind2=" ">
      <subfield code="a">(OCoLC)67853803</subfield>
    </datafield>
    <datafield tag="100" ind1="1" ind2=" ">
      <subfield code="a">Bewerlein, Sixtus.</subfield>
    </datafield>
    <datafield tag="245" ind1="1" ind2="0">
      <subfield code="a">Erschröckliche gantz warhafftige Geschicht, welche sich mit Apolonia, Hannsen Geisslbrechts Burgers zu Spalt inn dem Eystätter Bistumb, Haussfrawen, so den 20. Octobris, Anno 82. von dem bösen Feind gar hart besessen, unnd doch den 24. gedachts Monats widerumb durch Gottes gnädige Hilff, auss solcher grossen Pein unnd Marter entlediget worden, verlauffen hat /</subfield>
      <subfield code="c">durch Sixtum Agricolam ... und dann Georgium Witmerum ...</subfield>
    </datafield>
    <datafield tag="260" ind1=" " ind2=" ">
      <subfield code="a">Ingolstatt :</subfield>
      <subfield code="b">durch Wolffgang Eder,</subfield>
      <subfield code="c">1584.</subfield>
    </datafield>
    <datafield tag="300" ind1=" " ind2=" ">
      <subfield code="a">[6], 49 p. :</subfield>
      <subfield code="b">initialen ;</subfield>
      <subfield code="c">20 cm (in-4).</subfield>
    </datafield>
    <datafield tag="336" ind1=" " ind2=" ">
      <subfield code="a">tekst</subfield>
      <subfield code="b">txt</subfield>
      <subfield code="2">rdacontent/dut</subfield>
    </datafield>
    <datafield tag="337" ind1=" " ind2=" ">
      <subfield code="a">zonder medium</subfield>
      <subfield code="b">n</subfield>
      <subfield code="2">rdamedia/dut</subfield>
    </datafield>
    <datafield tag="338" ind1=" " ind2=" ">
      <subfield code="a">band</subfield>
      <subfield code="b">nc</subfield>
      <subfield code="2">rdacarrier/dut</subfield>
    </datafield>
    <datafield tag="340" ind1=" " ind2=" ">
      <subfield code="m">4to</subfield>
      <subfield code="2">rdabf</subfield>
    </datafield>
    <datafield tag="500" ind1=" " ind2=" ">
      <subfield code="a">Voorw. ondertekend: Sixtus Bewerlein ... Georgius Witmerus.</subfield>
    </datafield>
    <datafield tag="500" ind1=" " ind2=" ">
      <subfield code="a">Collatieformule: A-G⁴.</subfield>
    </datafield>
    <datafield tag="500" ind1=" " ind2=" ">
      <subfield code="a">Titelp. in rood-zwart.</subfield>
    </datafield>
    <datafield tag="510" ind1="4" ind2=" ">
      <subfield code="a">Verzeichnis der im deutschen Sprachbereich erschienenen Drucke des 16. Jahrhunderts (VD 16),</subfield>
      <subfield code="c">B 2482</subfield>
    </datafield>
    <datafield tag="510" ind1="4" ind2=" ">
      <subfield code="a">Index Aureliensis,</subfield>
      <subfield code="c">*101.803</subfield>
    </datafield>
    <datafield tag="650" ind1=" " ind2="0">
      <subfield code="a">Demoniac possession</subfield>
      <subfield code="v">Early works to 1800.</subfield>
    </datafield>
    <datafield tag="650" ind1=" " ind2="0">
      <subfield code="a">Exorcism</subfield>
      <subfield code="v">Early works to 1800.</subfield>
    </datafield>
    <datafield tag="600" ind1="1" ind2="4">
      <subfield code="a">Geisslbrecht, Apolonia.</subfield>
    </datafield>
    <datafield tag="650" ind1=" " ind2="6">
      <subfield code="a">Possession diabolique</subfield>
      <subfield code="v">Ouvrages avant 1800.</subfield>
    </datafield>
    <datafield tag="650" ind1=" " ind2="6">
      <subfield code="a">Exorcisme</subfield>
      <subfield code="v">Ouvrages avant 1800.</subfield>
    </datafield>
    <datafield tag="650" ind1=" " ind2="7">
      <subfield code="a">Demoniac possession.</subfield>
      <subfield code="2">fast</subfield>
      <subfield code="0">(OCoLC)fst00890193</subfield>
    </datafield>
    <datafield tag="650" ind1=" " ind2="7">
      <subfield code="a">Exorcism.</subfield>
      <subfield code="2">fast</subfield>
      <subfield code="0">(OCoLC)fst00918244</subfield>
    </datafield>
    <datafield tag="655" ind1=" " ind2="7">
      <subfield code="a">Early works.</subfield>
      <subfield code="2">fast</subfield>
      <subfield code="0">(OCoLC)fst01411636</subfield>
    </datafield>
    <datafield tag="700" ind1="1" ind2=" ">
      <subfield code="a">Witmerus, Georgius,</subfield>
      <subfield code="4">ctb</subfield>
    </datafield>
    <datafield tag="700" ind1="1" ind2=" ">
      <subfield code="a">Küchner, Joannes Jacobus,</subfield>
      <subfield code="4">dte</subfield>
    </datafield>
    <datafield tag="710" ind1="1" ind2=" ">
      <subfield code="a">Eder, Wolffgang,</subfield>
      <subfield code="4">prt</subfield>
    </datafield>
    <datafield tag="752" ind1=" " ind2=" ">
      <subfield code="a">Germany</subfield>
      <subfield code="d">Ingolstadt,</subfield>
      <subfield code="4">pup</subfield>
    </datafield>
    <datafield tag="758" ind1=" " ind2=" ">
      <subfield code="a">Erschröckliche gantz warhafftige Geschicht, welche sich mit Apolonia, Hannsen Geisslbrechts Burgers zu Spalt inn dem Lystätter Bistumb, Haussfrawen, so den 20. Octobris, Anno 82. von dem bösen Feind gar hart besessen, vnnd doch den 24. gedachts Monats widerumb durch Gottes gnädige Hilff, auss solcher grossen Pein vnnd Marter entlediget worden, verlauffen hat (Text)</subfield>
      <subfield code="1">https://id.oclc.org/worldcat/entity/E39PCG7t7j6cjgprD3ypvhfKBP</subfield>
      <subfield code="4">https://id.oclc.org/worldcat/ontology/hasWork</subfield>
    </datafield>
    <datafield tag="880" ind1="3" ind2=" ">
      <subfield code="6">246-00/(S</subfield>
      <subfield code="a">Erschröckliche gantz warhafftige Geschicht, welche sich mit Apolonia, Hannsen Geiβlbrechts Burgers zu Spalt inn dem Lystätter Bistumb, Haussfrawen, so den 20. Octobris, Anno 82. von dem bösen Feind gar hart besessen, vnnd doch den 24. gedachts Monats widerumb durch Gottes gnädige Hilff, auβ solcher grossen Pein vnnd Marter entlediget worden, verlauffen hat :</subfield>
      <subfield code="b">allen gottlosen, zänckischen vbelfluchenden Eheleuten, vnnd andern zu sonderer Warnung in Truck gegeben</subfield>
    </datafield>
    <datafield tag="880" ind1="3" ind2="7">
      <subfield code="6">246-00/(S</subfield>
      <subfield code="a">Warhaffte Geschicht, Auβtreibung eines Teufels</subfield>
    </datafield>
  </record>